Petua mendidik anak menjadi insan positif

Bibliographic Details
Other Authors: Hj. Muhammad Zakaria, Husna Hassan
Format: Book
Published: Kuala Lumpur : Jasmin Enterprise , 2005
Subjects:

MARC

LEADER 00000cam a2200000 7i4500
001 0000022239
005 20080726.0
008 080726
020 |a 9833494331 
090 0 0 |a 297.577   |b MOH 
245 1 0 |a Petua mendidik anak menjadi insan positif   |c Dato' Dr. Hj. Mohd Fadzilah Kamsah, Hj. Muhammad Zakaria, Husna Hassan 
260 |a Kuala Lumpur :   |b Jasmin Enterprise ,   |c 2005 
650 0 |a Child raering   |x Religious aspects   |x Islam 
650 0 |a Parenting   |x Religious aspects   |x Islam 
700 0 |a Hj. Muhammad Zakaria 
700 0 |a Husna Hassan 
999 |a 0001026331   |b Book   |c Adult Collection   |e Perbadanan Perpustakaan Awam Johor